Statistics for US States by Borders in 30 Seconds

Click here to take the quiz!

General Stats

  • This quiz has been taken 878,926 times
  • The average score is 34 of 50

Answers on the Map

Answers color-coded by a green-red scale on the quiz's map according to % correct below.
Loading ...
 

Answer Stats

Bordering States State % Correct
Arizona, Colorado, Oklahoma, Texas, UtahNew Mexico
92%
Arkansas, Colorado, Kansas, Missouri, New Mexico, TexasOklahoma
92%
Louisiana, Mississippi, Missouri, Oklahoma, Tennessee, TexasArkansas
90%
California, Idaho, Nevada, WashingtonOregon
90%
Arizona, California, Idaho, Oregon, UtahNevada
90%
California, Colorado, Nevada, New Mexico, UtahArizona
89%
Arkansas, Louisiana, New Mexico, OklahomaTexas
88%
Montana, Nevada, Oregon, Utah, Washington, WyomingIdaho
88%
Arizona, Nevada, OregonCalifornia
85%
Arkansas, Mississippi, TexasLouisiana
84%
Colorado, Idaho, Montana, Nebraska, South Dakota, UtahWyoming
83%
Alabama, Florida, North Carolina, South Carolina, TennesseeGeorgia
81%
Arizona, Colorado, Idaho, Nevada, New Mexico, WyomingUtah
80%
Florida, Georgia, Mississippi, TennesseeAlabama
80%
Arizona, Kansas, Nebraska, New Mexico, Oklahoma, Utah, WyomingColorado
79%
Delaware, Maryland, New Jersey, New York, Ohio, West VirginiaPennsylvania
77%
Colorado, Iowa, Kansas, Missouri, South Dakota, WyomingNebraska
76%
Iowa, Minnesota, Montana, Nebraska, North Dakota, WyomingSouth Dakota
76%
Arkansas, Illinois, Iowa, Kansas, Kentucky, Nebraska, Oklahoma, TennesseeMissouri
76%
Alabama, Arkansas, Georgia, Kentucky, Mississippi, Missouri, North Carolina, VirginiaTennessee
74%
Illinois, Indiana, Missouri, Ohio, Tennessee, Virginia, West VirginiaKentucky
73%
Alabama, GeorgiaFlorida
73%
Connecticut, Massachusetts, New Jersey, Pennsylvania, VermontNew York
73%
Idaho, North Dakota, South Dakota, WyomingMontana
72%
Connecticut, New Hampshire, New York, Rhode Island, VermontMassachusetts
70%
Illinois, Minnesota, Missouri, Nebraska, South Dakota, WisconsinIowa
69%
Idaho, OregonWashington
68%
Delaware, New York, PennsylvaniaNew Jersey
67%
Massachusetts, New Hampshire, New YorkVermont
67%
Illinois, Kentucky, Michigan, OhioIndiana
66%
Massachusetts, New York, Rhode IslandConnecticut
65%
Colorado, Missouri, Nebraska, OklahomaKansas
65%
Indiana, Kentucky, Michigan, Pennsylvania, West VirginiaOhio
64%
Illinois, Iowa, Michigan, MinnesotaWisconsin
61%
Minnesota, Montana, South DakotaNorth Dakota
61%
Indiana, Iowa, Kentucky, Missouri, WisconsinIllinois
60%
Kentucky, Maryland, Ohio, Pennsylvania, VirginiaWest Virginia
59%
Georgia, South Carolina, Tennessee, VirginiaNorth Carolina
58%
Kentucky, Maryland, North Carolina, Tennessee, West VirginiaVirginia
57%
Iowa, North Dakota, South Dakota, WisconsinMinnesota
56%
Indiana, Ohio, WisconsinMichigan
55%
Alabama, Arkansas, Louisiana, TennesseeMississippi
51%
Maine, Massachusetts, VermontNew Hampshire
50%
New HampshireMaine
43%
Alaska
42%
Delaware, Pennsylvania, Virginia, West VirginiaMaryland
40%
Georgia, North CarolinaSouth Carolina
38%
Hawaii
34%
Maryland, New Jersey, PennsylvaniaDelaware
28%
Connecticut, MassachusettsRhode Island
21%

Score Distribution

Percentile by Number Answered

Percent of People with Each Score

Your Score History

You have not taken this quiz